Statistics for Songs with Countries in the Title

Click here to take the quiz!

General Stats

  • This quiz has been taken 41,749 times
    (41,737 since last reset)
  • The average score is 7 of 19

Answer Stats

ArtistTitle% Correct
Bruce SpringsteenBorn in the {USA}
98%
Julie CovingtonDon't Cry For Me {Argentina}
72%
Matt MonroFrom {Russia} With Love
65%
The BeatlesBack in the {USSR}
63%
The Beach BoysSurfin' {USA}
63%
The Sex PistolsAnarchy in the {U}.{K}.
57%
Traditional{America} the Beautiful
40%
South Park movieBlame {Canada}
36%
AlphavilleBig in {Japan}
30%
David Bowie{China} Girl
30%
Debbie HarryFrench Kissin' In The {USA}
30%
The Beatles{Norwegian} Wood
(This Bird Has Flown)
30%
U2Cedars of {Lebanon}
27%
Kanye WestDiamonds From {Sierra} {Leone}
18%
Van Halen{Panama}
18%
Kenny ChesneyBeer in {Mexico}
15%
John LennonCold {Turkey}
12%
Madonna{Spanish} Eyes
12%
Michael Jackson{Liberian} Girl
10%

Score Distribution

Percentile by Number Answered

Percent of People with Each Score

Your Score History

You have not taken this quiz since the last reset